UM Logo

Modeling and comparison of passive component volume of hybrid resonant switched-capacitor converters / (Record no. 19870)

MARC details
000 -LEADER
fixed length control field 00939nam a22002057a 4500
003 - CONTROL NUMBER IDENTIFIER
control field OSt
005 - DATE AND TIME OF LATEST TRANSACTION
control field 20250917172837.0
008 - FIXED-LENGTH DATA ELEMENTS--GENERAL INFORMATION
fixed length control field 240326b ||||| |||| 00| 0 eng d
040 ## - CATALOGING SOURCE
Transcribing agency 0
082 ## - DEWEY DECIMAL CLASSIFICATION NUMBER
Classification number DPer 621.381 In821 September 2022 v. 37 n. 9
100 ## - MAIN ENTRY--PERSONAL NAME
Personal name Ye, Zichao.
Relator term author.
9 (RLIN) 55442
245 ## - TITLE STATEMENT
Title Modeling and comparison of passive component volume of hybrid resonant switched-capacitor converters /
Statement of responsibility, etc. Zichao Ye, Seth R. Sanders, and Robert Carl Nikolai Pilawa-Podgurski.
260 ## - PUBLICATION, DISTRIBUTION, ETC. (IMPRINT)
Place of publication, distribution, etc. New York ;
Name of publisher, distributor, etc. The Institute of Electrical and Electronics Engineers, Inc. ,
Date of publication, distribution, etc. September 2022.
300 ## - PHYSICAL DESCRIPTION
Extent Volume 37, pages 10903-10919 :
Other physical details illustration ;
Dimensions 28 cm.
500 ## - GENERAL NOTE
General note IEEE Transitions on Power Electronics, v. 37 n. 9, pages 10903-10919, September 2022.
700 ## - ADDED ENTRY--PERSONAL NAME
Personal name Ye, Zichao.
Relator term author.
9 (RLIN) 55442
700 ## - ADDED ENTRY--PERSONAL NAME
Personal name Sanders, Seth R.
Relator term author.
9 (RLIN) 55443
700 ## - ADDED ENTRY--PERSONAL NAME
Personal name Pilawa-Podgurski, Robert Carl Nikolai.
Relator term author.
9 (RLIN) 55444
942 ## - ADDED ENTRY ELEMENTS (KOHA)
Source of classification or shelving scheme Dewey Decimal Classification
Koha item type Periodicals
Holdings
Withdrawn status Lost status Source of classification or shelving scheme Damaged status Not for loan Collection code Home library Current library Date acquired Total Checkouts Full call number Date last seen Price effective from Koha item type Public note
    Dewey Decimal Classification     Periodicals UM Digos College - LIC UM Digos College - LIC 03/26/2024   DPer 621.381 In821 September 2022 v. 37 n. 9 03/26/2024 03/26/2024 Periodicals Periodical Article